Sociología y ciencias sociales : conflictos y desafíos en América latina y el caribe, el contexto y la región interrogados (Record no. 30107)
[ view plain ]
| 000 -CABECERA | |
|---|---|
| campo de control de longitud fija | 00646cam a22002052a 4500 |
| 001 - NÚMERO DE CONTROL | |
| campo de control | 024419 |
| 003 - IDENTIFICADOR DEL NÚMERO DE CONTROL | |
| campo de control | AR-FADEU |
| 008 - DATOS DE LONGITUD FIJA--INFORMACIÓN GENERAL | |
| campo de control de longitud fija | 311216n2008####xxu####################dd |
| 020 ## - NÚMERO INTERNACIONAL ESTÁNDAR DEL LIBRO | |
| Número Internacional Estándar del Libro | 978-950-656-130-7 |
| 092 ## - ASIGNACIÓN LOCAL DE SIGNATURA TOPOGRÁFICA DEWEY (OCLC) | |
| Número de clasificación | 301.098 |
| Número de documento/Ítem | B576 |
| Característica del encabezamiento | BDT |
| 100 ## - ENTRADA PRINCIPAL--NOMBRE DE PERSONA | |
| Nombre de persona | Bialakowsky, Alberto L., comp. |
| 245 ## - MENCIÓN DE TÍTULO | |
| Título | Sociología y ciencias sociales : conflictos y desafíos en América latina y el caribe, el contexto y la región interrogados |
| 260 ## - PUBLICACIÓN, DISTRIBUCIÓN, ETC. (PIE DE IMPRENTA) | |
| Lugar de publicación, distribución, etc. | Buenos Aires |
| 260 ## - PUBLICACIÓN, DISTRIBUCIÓN, ETC. (PIE DE IMPRENTA) | |
| Nombre del editor, distribuidor, etc. | Encuentro Pre-Alas |
| 260 ## - PUBLICACIÓN, DISTRIBUCIÓN, ETC. (PIE DE IMPRENTA) | |
| Fecha de publicación, distribución, etc. | 2008 |
| 300 ## - DESCRIPCIÓN FÍSICA | |
| Extensión | 2 v |
| 650 ## - PUNTO DE ACCESO ADICIONAL DE MATERIA--TÉRMINO DE MATERIA | |
| Término de materia o nombre geográfico como elemento inicial | SOCIOLOGIA-AMERICA LATINA; CIENCIAS SOCIALES/BDT/ |
| 700 ## - PUNTO DE ACCESO ADICIONAL--NOMBRE DE PERSONA | |
| Nombre de persona | Ana María, Pérez, comp. |
| 942 ## - ELEMENTOS DE PUNTO DE ACCESO ADICIONAL (KOHA) | |
| Tipo de ítem Koha | BDT |
| Estado de retiro | Estado de pérdida | Estado dañado | No para préstamo | Código de colección | Localización permanente | Ubicación/localización actual | Ubicación en estantería | Fecha de adquisición | Número de inventario | Total de préstamos | Signatura topográfica completa | Código de barras | Fecha visto por última vez | Precio válido a partir de | Tipo de ítem Koha |
|---|---|---|---|---|---|---|---|---|---|---|---|---|---|---|---|
| Biblioteca Demetri Taranda | Biblioteca Ernesto Sabato - FADECS - UNCOMA | Biblioteca Ernesto Sabato - FADECS - UNCOMA | Biblioteca Demetri Taranda | 22/02/2017 | 21301 | 301.098 B576 | 21301 | 22/02/2017 | 22/02/2017 | BDT | |||||
| Biblioteca Demetri Taranda | Biblioteca Ernesto Sabato - FADECS - UNCOMA | Biblioteca Ernesto Sabato - FADECS - UNCOMA | Biblioteca Demetri Taranda | 22/02/2017 | 21450 | 301.098 B576 | 21450 | 22/02/2017 | 22/02/2017 | BDT | |||||
| Biblioteca Demetri Taranda | Biblioteca Ernesto Sabato - FADECS - UNCOMA | Biblioteca Ernesto Sabato - FADECS - UNCOMA | Biblioteca Demetri Taranda | 22/02/2017 | 21451 | 301.098 B576 | 21451 | 22/02/2017 | 22/02/2017 | BDT |